000 01038nam a22002777a 4500
001 7686
003 FISKH
005 20250731095436.0
008 250731b cb ||||| |||| 00| 0 eng d
040 _aFISKH
_beng
_cFISKH
_dFISKH
050 _aPZ7.B4475424 S
082 _a 823.92
100 _aBently, Peter
245 _aSay please, little bear /
_cStory by Peter Bently ; Illustrations by Rob McPhillips
250 _aThis edition published in 2015
260 _aUnited Kingdom :
_bParragon,
_c2011.
300 _a26 unnumbered pages :
_bcolor illustrations ;
_c22 cm
505 _aE
520 _a"Daddy Bear shows Little Bear how much fun sharing, taking turns, and being helpful can be. A warm and touching story exploring the importance of friendship and sharing."--Page 2 of cover.
521 8 _a160
_bLexile estimate
521 8 _aE
_bRaz-Plus
650 _aAnimals Bear
_vRead aloud Bears
_xPicture Book
_ySocial Skills
700 _aMcPhillips, Rob
_eillustrator
942 _2ddc
_cBK
_n0
999 _c7686
_d7686